GAMELAN NUANSA NUSANTARA = (Record no. 202592)

MARC details
000 -LEADER
fixed length control field 02291nam a2200385 i 4500
003 - CONTROL NUMBER IDENTIFIER
control field OSt
005 - DATE AND TIME OF LATEST TRANSACTION
control field 20260120174535.0
008 - FIXED-LENGTH DATA ELEMENTS--GENERAL INFORMATION
fixed length control field 260106t20212021my o gr f000 0 may d
020 ## - INTERNATIONAL STANDARD BOOK NUMBER
International Standard Book Number 9789670372402
Qualifying information paperback
Terms of availability RM106.00
040 ## - CATALOGING SOURCE
Original cataloging agency PPAK
Language of cataloging eng
Transcribing agency PPAK
Description conventions rda
041 ## - LANGUAGE CODE
Language code of text/sound track or separate title may
-- eng
082 04 - DEWEY DECIMAL CLASSIFICATION NUMBER
Classification number 781.62
Edition number 23
090 00 - LOCALLY ASSIGNED LC-TYPE CALL NUMBER (OCLC); LOCAL CALL NUMBER (RLIN)
Classification number (OCLC) (R) ; Classification number, CALL (RLIN) (NR) 781.62
Feature heading RUS
Feature heading R
100 1# - MAIN ENTRY--PERSONAL NAME
Personal name Ruslee Ariffin,
Relator term researcher.
-- author.
-- photographer.
245 10 - TITLE STATEMENT
Title GAMELAN NUANSA NUSANTARA =
Remainder of title SOUNDS OF THE MALAY ARCHIPELAGO /
Statement of responsibility, etc. Penyelidik, Penulis & Jurugambar: Ruslee Ariffin, Anwardi Jamil ; Jawatankuasa Editorial Penerbitan, Jabatan Muzium Malaysia.
264 #1 - PRODUCTION, PUBLICATION, DISTRIBUTION, MANUFACTURE, AND COPYRIGHT NOTICE
Place of production, publication, distribution, manufacture Kuala Lumpur, Malaysia :
Name of producer, publisher, distributor, manufacturer Jabatan Muzium Malaysia,
Date of production, publication, distribution, manufacture, or copyright notice 2021
Date of production, publication, distribution, manufacture, or copyright notice ©2021
300 ## - PHYSICAL DESCRIPTION
Extent 167 pages :
Other physical details colour photographs ;
Dimensions 24 cm
336 ## - CONTENT TYPE
Content type term text
Source rdacontent
Content type term still image
Source rdacontent
337 ## - MEDIA TYPE
Media type term unmediated
Source rdamedia
338 ## - CARRIER TYPE
Carrier type term volume
Source rdacarrier
504 ## - BIBLIOGRAPHY, ETC. NOTE
Bibliography, etc. note Bibliography : pages 165-167
520 ## - SUMMARY, ETC.
Summary, etc. Gamelan: nuansa Nusantara Sounds of the Malay Archipelago presents the general history including legends and myths regarding the origins of gamelan in its various forms in the Malay world. This book also compares the cultural differences and significance of the gamelan in its three forms-the more well-known Javanese and Balinese gamelan and the lesser-known Malay gamelan. What the book is not, is a tome of gamelan's musicology of which there are many more books written by expert and musicians. The void this book wants to fill is to place Malay gamelan into the gamelan's timeline in history and to inform the world that though Indonesian gamelan has a wider global audience and recognition, the Malay gamelan, whose sounds are distinctive, unique and separate from that of the Balinese and Javanese gamelan, exists.
546 ## - LANGUAGE NOTE
Language note Text in Malay and English.
583 ## - ACTION NOTE
Action Retained
Authorization “This book must not be disposed of.”
650 10 - SUBJECT ADDED ENTRY--TOPICAL TERM
Topical term or geographic name entry element Gamelan
Topical term or geographic name entry element Gamelan
General subdivision History
Topical term or geographic name entry element Gamelan music
Geographic subdivision Malaysia
Topical term or geographic name entry element Folk music
Geographic subdivision Malaysia
Topical term or geographic name entry element Government publications
Geographic subdivision Malaysia
700 0# - ADDED ENTRY--PERSONAL NAME
Personal name Anwardi Jamil,
Relator term researcher.
-- author.
-- photographer.
710 1# - ADDED ENTRY--CORPORATE NAME
Corporate name or jurisdiction name as entry element Malaysia.
Subordinate unit Jabatan Muzium.
-- Jawatankuasa Editorial Penerbitan,
Relator term editor.
942 ## - ADDED ENTRY ELEMENTS (KOHA)
Source of classification or shelving scheme Dewey Decimal Classification
Koha item type Book
Holdings
Withdrawn Not for loan Current library Shelving location Date acquired Total Checkouts Full call number Barcode Date last seen Koha item type
  Not For Loan Perpustakaan Alor Setar Rujukan Dewasa 25/01/2026   R 781.62 RUS A01899753 25/01/2026 Book